<?xml version="1.0" encoding="UTF-8"?><?xml-stylesheet type="text/xsl" href="static/style.xsl"?><OAI-PMH xmlns="http://www.openarchives.org/OAI/2.0/" xmlns:xsi="http://www.w3.org/2001/XMLSchema-instance" xsi:schemaLocation="http://www.openarchives.org/OAI/2.0/ http://www.openarchives.org/OAI/2.0/OAI-PMH.xsd"><responseDate>2026-04-17T06:15:50Z</responseDate><request verb="GetRecord" identifier="oai:www.recercat.cat:10256/27445" metadataPrefix="marc">https://recercat.cat/oai/request</request><GetRecord><record><header><identifier>oai:recercat.cat:10256/27445</identifier><datestamp>2025-10-11T18:56:54Z</datestamp><setSpec>com_2072_452966</setSpec><setSpec>com_2072_2054</setSpec><setSpec>col_2072_452969</setSpec></header><metadata><record xmlns="http://www.loc.gov/MARC21/slim" xmlns:dcterms="http://purl.org/dc/terms/" xmlns:xsi="http://www.w3.org/2001/XMLSchema-instance" xmlns:doc="http://www.lyncode.com/xoai" xsi:schemaLocation="http://www.loc.gov/MARC21/slim http://www.loc.gov/standards/marcxml/schema/MARC21slim.xsd">
   <leader>00925njm 22002777a 4500</leader>
   <datafield ind2=" " ind1=" " tag="042">
      <subfield code="a">dc</subfield>
   </datafield>
   <datafield ind2=" " ind1=" " tag="720">
      <subfield code="a">Pagès-Borrell, Anna</subfield>
      <subfield code="e">author</subfield>
   </datafield>
   <datafield ind2=" " ind1=" " tag="260">
      <subfield code="c">2025</subfield>
   </datafield>
   <datafield ind2=" " ind1=" " tag="520">
      <subfield code="a">High abilities (HA) refer to those people with intellectual potential significantly above average. This includes giftedness, with an IQ (intelligence quotient) above 130; talent, which is manifested in exceptional ability in one or more specific areas; and intellectual precocity, an advanced development compared to age. In addition to a great capacity for learning, creativity and critical thinking, they tend to have high sensitivity and a deeper perception of their environment, interpreting it differently and with greater intensity.&#xd;
16&#xd;
The prevalence of the child population detected with HA varies according to the criteria and methodologies used in different studies and countries. Worldwide, it is estimated that between 2% and 10% of the child population can be considered HA. However, in Spain, according to recent data from the Ministry of Education, in the 2021-2022 academic year, 46,238 children with AC were identified, representing approximately 0.56% of the student population in general non-university education. In Catalonia, this figure is 3,814 students with AC identified, representing only 0.27% of schoolchildren. This low detection has implications, since many adults with AC not identified during childhood present difficulties such as disorganization, social difficulties, anxiety, depression, low self-esteem and low frustration tolerance.&#xd;
Health promotion seeks to empower people and improve their well-being, integrating principles such as equity and the social determinants of health. Salutogenesis, introduced by the sociologist A. Antonovsky (1979), focuses on the factors that promote people's health and well-being. In the field of AC, this approach is particularly relevant to address the needs of the study population. This group often presents overexcitabilities (emotional, intellectual, sensory, imaginative and psychomotor), which can be protective or risk factors depending on the context</subfield>
   </datafield>
   <datafield ind2=" " ind1=" " tag="520">
      <subfield code="a">Les altes capacitats (AC) fan referència a aquelles persones amb un potencial intel·lectual significativament superior a la mitjana. Això inclou la superdotació, amb un coeficient intel·lectual (QI) superior a 130; el talent, que es manifesta en una habilitat excepcional en una o més àrees específiques i la precocitat intel·lectual, un desenvolupament avançat respecte a l'edat. A més d'una gran capacitat d'aprenentatge, creativitat i pensament crític, solen presentar una elevada sensibilitat i una percepció més profunda del seu entorn, interpretant-lo de manera diferent i amb més intensitat.&#xd;
La prevalença de població infantil detectada d'AC varia segons els criteris i metodologies utilitzades en diferents estudis i països. A nivell mundial, s'estima que entre el 2% i el 10% de la població infantil pot ser considerada d'AC. No obstant això, a Espanya, segons dades recents del Ministeri d'Educació, en el curs 2021-2022, es varen identificar 46.238 nens/nenes amb AC, el que representa aproximadament el 0.56% de la població estudiantil en ensenyament general no universitari. A Catalunya, aquesta xifra és de 3.814 alumnes amb AC identificats, representant només el 0,27% de l'alumnat escolaritzat. Aquesta baixa detecció té implicacions, ja que molts adults amb AC no identificades durant la infància presenten dificultats com desorganització, dificultats socials, ansietat, depressió, baixa autoestima i baixa tolerància a la frustració.&#xd;
La promoció de la salut busca apoderar les persones i millorar el seu benestar, integrant principis com l'equitat i els determinants socials de la salut. La Salutogènesi, introduïda pel sociòleg A. Antonovsky (1979), es centra en els factors que promouen la salut i el benestar de les persones. A l'àmbit de les AC, aquest enfocament resulta especialment rellevant per abordar les necessitats de la població d'estudi. Aquest col·lectiu sovint presenta sobreexcitabilitats (emocional, intel·lectual, sensorial, imaginativa i psicomotriu), les quals poden ser factors protectors o de risc segons el context</subfield>
   </datafield>
   <datafield ind2=" " ind1=" " tag="520">
      <subfield code="a">3</subfield>
   </datafield>
   <datafield tag="653" ind2=" " ind1=" ">
      <subfield code="a">Infants superdotats</subfield>
   </datafield>
   <datafield tag="653" ind2=" " ind1=" ">
      <subfield code="a">Gifted children</subfield>
   </datafield>
   <datafield tag="653" ind2=" " ind1=" ">
      <subfield code="a">Ansietat</subfield>
   </datafield>
   <datafield tag="653" ind2=" " ind1=" ">
      <subfield code="a">Anxiety</subfield>
   </datafield>
   <datafield tag="653" ind2=" " ind1=" ">
      <subfield code="a">Psicologia de la salut</subfield>
   </datafield>
   <datafield tag="653" ind2=" " ind1=" ">
      <subfield code="a">Clinical health psychology</subfield>
   </datafield>
   <datafield tag="653" ind2=" " ind1=" ">
      <subfield code="a">Promoció de la salut</subfield>
   </datafield>
   <datafield tag="653" ind2=" " ind1=" ">
      <subfield code="a">Health promotion</subfield>
   </datafield>
   <datafield tag="653" ind2=" " ind1=" ">
      <subfield code="a">Salut mental</subfield>
   </datafield>
   <datafield tag="653" ind2=" " ind1=" ">
      <subfield code="a">Mental health</subfield>
   </datafield>
   <datafield tag="653" ind2=" " ind1=" ">
      <subfield code="a">Quocient intel·lectual</subfield>
   </datafield>
   <datafield tag="653" ind2=" " ind1=" ">
      <subfield code="a">Intelligence levels</subfield>
   </datafield>
   <datafield tag="653" ind2=" " ind1=" ">
      <subfield code="a">Intel·ligència emocional</subfield>
   </datafield>
   <datafield tag="653" ind2=" " ind1=" ">
      <subfield code="a">Emotional intelligence</subfield>
   </datafield>
   <datafield ind2="0" ind1="0" tag="245">
      <subfield code="a">Avaluació de les altes capacitats i nivells d’ansietat en la població infantil i juvenil de Catalunya: una exploració multidimensional</subfield>
   </datafield>
</record></metadata></record></GetRecord></OAI-PMH>